| 000 | 00535nam a22001937a 4500 | ||
|---|---|---|---|
| 008 | 150518b xxu||||| |||| 00| 0 eng d | ||
| 020 | _a9780073530550 | ||
| 020 | _a0073530557 | ||
| 041 | 0 | _aeng | |
| 080 | _a658.3 | ||
| 100 | 1 | _aByars, Lloyd L. | |
| 245 | 0 | _aHuman resource management / | |
| 250 | _a10th ed. | ||
| 260 |
_aNew York : _bMcGraw-Hill/Irwin, _cc2011. |
||
| 300 |
_a414 p. : _bMe il : _c29 cm. |
||
| 650 | 0 | _aMenaxhim i burimeve njerëzore | |
| 700 | 1 | _aRue, Leslie W. | |
| 942 |
_2udc _cBK |
||
| 999 |
_c812 _d812 |
||